Compendio de medicina nuclear / (Record no. 46069)
[ view plain ]
| 000 -LEADER | |
|---|---|
| campo de control de longitud fija | 00507nam a2200169 i 4500 |
| 001 - NÚMERO DE CONTROL | |
| campo de control | 46069 |
| 003 - IDENTIFICADOR DE NÚMERO DE CONTROL | |
| campo de control | ES-MaACL |
| 007 - CAMPO FIJO DE DESCRIPCIÓN FÍSICA--INFORMACIÓN GENERAL | |
| campo de control de longitud fija | t| |
| 008 - DATOS DE LONGITUD FIJA--INFORMACIÓN GENERAL | |
| campo de control de longitud fija | 030327s1980 sp ||||1| spa d |
| 245 00 - MENCIÓN DEL TÍTULO | |
| Título | Compendio de medicina nuclear / |
| Mención de responsabilidad, etc. | A. Desgrez ... [et al.] ; [traducción J.J. Soler Ripoll]. |
| 250 ## - MENCION DE EDICION | |
| Mención de edición | [1ª ed.]. |
| 260 ## - PUBLICACIÓN, DISTRIBUCIÓN, ETC. | |
| Lugar de publicación, distribución, etc. | Madrid : |
| Nombre del editor, distribuidor, etc. | AC, |
| Fecha de publicación, distribución, etc. | [1980] |
| 300 ## - DESCRIPCIÓN FÍSICA | |
| Extensión | XI, 200 p. : |
| Otras características físicas | il. ; |
| Dimensiones | 21 cm. |
| 700 1# - ENTRADA AGREGADA--NOMBRE PERSONAL | |
| Nombre de persona | Desgrez, A. |
| 9 (RLIN) | 43875 |
| 700 1# - ENTRADA AGREGADA--NOMBRE PERSONAL | |
| Nombre de persona | Soler Ripoll, J. J. |
| 9 (RLIN) | 107189 |
| 852 ## - LOCALIZACIÓN | |
| Ubicación | ES-MaACL |
| Número de control de estantería | L-3890 |
| Sublocalización o colección | R.103610 |
| Estatus retirado | Estado de pérdida | Estado de daño | No para préstamo | Biblioteca de origen | Biblioteca actual | Ubicación en estantería | Fecha de adquisición | Fuente de adquisición | Total de préstamos | Signatura topográfica completa | Código de barras | Visto por última vez | Precio de reemplazo | Tipo de ítem Koha |
|---|---|---|---|---|---|---|---|---|---|---|---|---|---|---|
| Biblioteca del Ateneo de Madrid | Biblioteca del Ateneo de Madrid | Depósito 2 | 17/01/2008 | L-3890 | 1048465 | 23/02/2023 | 23/02/2023 | Libro impreso |
